000 00263nam a2200097Ia 4500
001 1162308
005 20250827011641.0
008 250824s9999 xx 000 0 und d
245 0 _aKENDİ KENDİNİN GARDİYANI OLMA
_cSANAL KLİNİK
260 _bDESTEK YAYINLARI
999 _c1162308
_d1162308